| 000 | 00660nam a22002297a 4500 | ||
|---|---|---|---|
| 005 | 20170124105922.0 | ||
| 010 | _aA-584988 | ||
| 020 | _c00.00 | ||
| 035 | _aA-584988 | ||
| 037 | _bCen Lib/Ret | ||
| 040 |
_aDPL _bEN |
||
| 082 |
_a355.02 _bSIN |
||
| 100 |
_aSingh, Mohinder _95065 |
||
| 245 |
_aElectronic warfare / _cby Mohinder Singh |
||
| 260 |
_aNew Delhi _bDefence R&D organisation |
||
| 270 |
_aMinistry of Defence _bNew Delhi _e110054 |
||
| 300 |
_a253p. _c17cm(Hb) |
||
| 500 | _aIncludes appendix | ||
| 650 |
_aElectronic development _95066 |
||
| 650 |
_aHistory-electronic -warfare _95067 |
||
| 942 |
_2ddc _cEN _h355.02 _mSIN |
||
| 999 |
_c123259 _d123259 |
||